000 00718nam a2200217Ia 4500
003 GCL
008 140319s9999 xx 000 0 ara d
040 _aGCL /
_cGCL
082 0 4 _aق
_b932.098
_bز ا
100 1 _aزبيدة محمد عطا
245 1 0 _aاقليم المنيا فى العصر البيزنطى فى ضوء اوراق البردى /
_cزبيدة محمد عطا
260 _a[S.N] :
_bالهيئة المصرية العامة للكتاب ،
_c1982
300 _a165 ص
490 _a
650 0 4 _aتاريخ
650 0 4 _aمصر القديمة
650 0 4 _aالاحوال الاقتصادية
650 0 4 _aالصناعات اليدوية
650 0 4 _aالمنيا
942 _2ddc
_cBK
999 _c52526
_d52526